000 00295nam a2200133Ia 4500
100 _aSemicon indexes LTD
942 _cBK
654 _aSCR manual
245 _aInternational diode and SCR manual
260 _bBPB Publications
082 _a621.38173
_bSIL
546 _aENGLISH
999 _c31722
_d31722